000 00298nam a2200121 a 4500
001 4143
005 20140414131855.0
008 090223s19uu xx 00 eng d
050 _aM 822.3
_bSh1 1959
100 _aShakespeare, William
245 _aThe Tragedy of Romeo and Juliet.
999 _c110410
_d110410